Countries with the Most Terrorism by Continent - Statistics

General Stats
  • This quiz has been taken 3,735 times
    1,792 since last reset
  • The average score is 20 of 25
Answer Stats
Score Answer % Correct
North America 4.961 United States
94%
Europe 4.770 United Kingdom
93%
Europe 4.562 France
92%
North America 2.428 Mexico
92%
Asia 8.511 Iraq
91%
North America 3.882 Canada
89%
Oceania 2.438 Australia
88%
Asia 9.109 Afghanistan
87%
Europe 4.219 Russia
87%
South America 7.068 Colombia
86%
Europe 4.729 Germany
86%
Oceania 4.376 New Zealand
85%
Asia 8.250 Syria
85%
South America 4.005 Venezuela
83%
Asia 7.825 Pakistan
80%
South America 4.471 Peru
80%
Africa 7.856 Niger
79%
South America 6.496 Chile
77%
Asia 7.432 India
75%
Africa 8.233 Nigeria
75%
Africa 8.398 Somalia
73%
South America 2.766 Ecuador
72%
Africa 8.152 Mali
59%
Europe 4.849 Greece
49%
Africa 8.270 Burkina Faso
35%
No matching quizzes found
Score Distribution
Percent of People with Each Score
Percentile by Number Answered
Your Score History
You have not taken this quiz since the last reset